Aristophanes : Wasps /

This is the first book-length study dedicated to Aristophanes' Wasps (422 BCE), which is arguably one of his most hilarious and inventive comedies. Ideal for students with no experience in Greek comedy or for researchers wanting an updated analysis of the play, this book explores Wasps in terms...

Full description

Bibliographic Details
Main Author: Jendza, Craig (Author)
Format: Book
Language:English
Published: London ; New York : Bloomsbury Academic, 2025.
Series:Bloomsbury ancient comedy companions ; volume 13.
Subjects:

MARC

Tag First Indicator Second Indicator Subfields
LEADER 00000cam a2200000 i 4500
001 in00005641921
003 OCoLC
005 20250409141401.5
008 240715s2025 enka b 001 0 eng
010 |a  2024029793 
040 |a DLC  |e rda  |c DLC 
020 |a 9781350344006  |q (hardback) 
020 |a 1350344001 
020 |a 9781350344044  |q (paperback) 
020 |a 1350344044 
020 |z 9781350344013  |q (pdf) 
020 |z 9781350344020  |q (ebook) 
035 |a (OCoLC)1456759978 
050 0 0 |a PA3875.V5  |b J46 2025 
082 0 0 |a 882/.01  |2 23/eng/20240920 
100 1 |a Jendza, Craig,  |e author. 
245 1 0 |a Aristophanes :  |b Wasps /  |c by Craig Jendza. 
264 1 |a London ;  |a New York :  |b Bloomsbury Academic,  |c 2025. 
300 |a viii, 157 pages :  |b illustrations ;  |c 23 cm. 
336 |a text  |b txt  |2 rdacontent 
337 |a unmediated  |b n  |2 rdamedia 
338 |a volume  |b nc  |2 rdacarrier 
490 1 |a Bloomsbury ancient comedy companions ;  |v volume 13 
504 |a Includes bibliographical references and index. 
520 |a This is the first book-length study dedicated to Aristophanes' Wasps (422 BCE), which is arguably one of his most hilarious and inventive comedies. Ideal for students with no experience in Greek comedy or for researchers wanting an updated analysis of the play, this book explores Wasps in terms of Aristophanes' particular brand of Old Comedy, its historical context, innovative stagecraft and its reception up until the present day. 
600 0 0 |a Aristophanes.  |t Wasps. 
830 0 |a Bloomsbury ancient comedy companions ;  |v volume 13. 
945 |b 368445 
947 |a A14852284745 
948 |a dmitchel 4/9/25 9.10.20 
980 |b print  |c 40032697072  |f NONFIC/B  |g 565714  |k USD  |m 76.00  |q 1  |s AcqMono Conventional  |t Approval plan  |u Vendor order reference number  |v ZYBP  |y Print approval  |z Physical resource 
999 f f |i b10768a3-de80-40ff-bd87-df743232ad76  |s 2dddb2c1-86dc-4633-80a6-89006a7bf28e  |t 0 
952 f f |p normal  |a Texas A&M University  |b College Station  |c Sterling C. Evans Library  |s Evans stk  |d Evans: Library Stacks  |t 0  |e PA3875.V5 J46 2025  |h Library of Congress classification  |i unmediated -- volume  |m A14852284745 
998 f f |a PA3875.V5 J46 2025  |t 0  |l Evans: Library Stacks